000 00463nam a2200133Ia 4500
008 231129s1992||||xx |||||||||||||| ||spa||
040 _bspa
082 _a320.12 R696ó
100 _aRodrí­guez Rodrí­guez Jahir
245 0 _aEl ordenamiento territorial de cara al paí­s: Memorias del I Seminario regional sobre ordenamiento territorial y autonomí­a regional
260 _c1992
264 _aFondo Editorial Universidad de Manizales
942 _2ddc
_cBKS
999 _c11928
_d11928